[Event "Vezerkepzo GM March 2022"]
[Site "Budapest"]
[Date "2022.03.17"]
[Round "1.1"]
[White "Prraneeth Vuppala"]
[Black "Ilincic, Zlatko"]
[Result "1-0"]
[WhiteElo "2400"]
[BlackElo "2331"]
[Annotator "ChessBase"]
[PlyCount "81"]
[EventDate "2022.03.17"]
[EventType "tourn"]
[EventCountry "HUN"]
[SourceTitle "playchess.com"]
[Source "ChessBase"]
[SourceQuality "1"]
[TimeControl "40/5400+30:1800+30"]

1. d4 {[%emt 0:00:11]} Nf6 {[%emt 0:00:20]} 2. c4 {[%emt 0:00:08]} e6 {[%emt 0:00:27]} 3. Nf3 {[%emt 0:00:25]} Bb4+ {[%emt 0:00:21]} 4. Bd2 {[%emt 0:00:26]} c5 {[%emt 0:00:19]} 5. Bxb4 {[%emt 0:00:41]} cxb4 {[%emt 0:00:09]} 6. a3 {[%emt 0:00:21]} bxa3 {[%emt 0:00:25]} 7. Rxa3 {[%emt 0:00:31]} O-O {[%emt 0:00:31]} 8. Nc3 {[%emt 0:00:37]} d6 {[%emt 0:00:39]} 9. e3 {[%emt 0:01:40]} Nc6 {[%emt 0:01:24]} 10. Be2 {[%emt 0:00:56]} Nb4 {[%emt 0:02:15]} 11. O-O {[%emt 0:04:34]} b6 {[%emt 0:02:32]} 12. Na2 {[%emt 0:10:41]} Nxa2 {[%emt 0:02:03]} 13. Rxa2 {[%emt 0:02:07]} Bb7 {[%emt 0:03:25]} 14. b4 {[%emt 0:07:45]} Qc7 {[%emt 0:06:50]} 15. b5 {[%emt 0:18:05]} a6 {[%emt 0:10:36]} 16. bxa6 {[%emt 0:04:29]} Rxa6 {[%emt 0:00:59]} 17. Rxa6 {[%emt 0:05:43]} Bxa6 {[%emt 0:00:08]} 18. Qa4 {[%emt 0:03:36]} Bb7 {[%emt 0:03:28]} 19. Qb4 {[%emt 0:05:17]} Ra8 {[%emt 0:02:32]} 20. Rb1 {[%emt 0:02:39]} Nd7 {[%emt 0:02:48]} 21. Nd2 {[%emt 0:04:12]} h6 {[%emt 0:03:12]} 22. h3 {[%emt 0:00:26]} Ra2 {[%emt 0:08:14]} 23. Bd1 {[%emt 0:11:37]} Bc6 {[%emt 0:01:44]} 24. Rc1 {[%emt 0:01:59]} Qa7 {[%emt 0:13:27]} 25. d5 {[%emt 0:08:18]} exd5 {[%emt 0:13:56]} 26. cxd5 {[%emt 0:00:08]} Bxd5 {[%emt 0:00:13]} 27. Rc8+ {[%emt 0:01:00]} Kh7 {[%emt 0:00:06]} 28. Bc2+ {[%emt 0:01:03]} Rxc2 {[%emt 0:00:14]} 29. Rxc2 {[%emt 0:00:04]} Nc5 {[%emt 0:00:10]} 30. Nc4 {[%emt 0:02:44]} Qa1+ {[%emt 0:05:48]} 31. Kh2 {[%emt 0:00:03]} Qf1 {[%emt 0:01:07]} 32. f3 {[%emt 0:01:51]} Nd3 {[%emt 0:01:38]} 33. Qd2 {[%emt 0:01:36]} b5 {[%emt 0:10:56]} 34. Nb2 {[%emt 0:00:11]} Ne1 {[%emt 0:00:18]} 35. Qxd5 {[%emt 0:00:14]} Nxc2 {[%emt 0:00:34]} 36. Qf5+ {[%emt 0:00:04]} g6 {[%emt 0:01:30]} 37. Qxf7+ {[%emt 0:00:08]} Kh8 {[%emt 0:00:06]} 38. Qe8+ {[%emt 0:00:07]} Kg7 {[%emt 0:00:04]} 39. Qe7+ {[%emt 0:00:03]} Kg8 {[%emt 0:00:06]} 40. Qd8+ {[%emt 0:00:00]} Kf7 {[%emt 0:00:00]} 41. Qc7+ {[%emt 0:00:06]} 1-0

[Event "Vezerkepzo GM March 2022"]
[Site "Budapest"]
[Date "2022.03.17"]
[Round "1.2"]
[White "Vantika Agrawal"]
[Black "Pranav Anand"]
[Result "1/2-1/2"]
[WhiteElo "2381"]
[BlackElo "2436"]
[Annotator "ChessBase"]
[PlyCount "59"]
[EventDate "2022.03.17"]
[EventType "tourn"]
[EventCountry "HUN"]
[SourceTitle "playchess.com"]
[Source "ChessBase"]
[SourceQuality "1"]
[TimeControl "40/5400+30:1800+30"]

1. d4 {[%emt 0:00:23]} d5 {[%emt 0:00:15]} 2. c4 {[%emt 0:00:35]} c6 {[%emt 0:00:10]} 3. Nf3 {[%emt 0:00:18]} Nf6 {[%emt 0:00:06]} 4. e3 {[%emt 0:00:26]} Bf5 {[%emt 0:00:05]} 5. Nc3 {[%emt 0:00:47]} e6 {[%emt 0:00:05]} 6. Nh4 {[%emt 0:00:39]} Be4 {[%emt 0:00:04]} 7. f3 {[%emt 0:01:00]} Bg6 {[%emt 0:00:06]} 8. Qb3 {[%emt 0:00:23]} Qc7 {[%emt 0:00:06]} 9. Bd2 {[%emt 0:02:28]} Be7 {[%emt 0:00:10]} 10. cxd5 {[%emt 0:03:23]} cxd5 {[%emt 0:01:06]} 11. Nxg6 {[%emt 0:00:50]} hxg6 {[%emt 0:00:00]} 12. O-O-O {[%emt 0:00:20]} Nc6 {[%emt 0:00:00]} 13. Kb1 {[%emt 0:00:48]} a6 {[%emt 0:00:13]} 14. Rc1 {[%emt 0:02:15]} Nd7 {[%emt 0:00:20]} 15. Bd3 {[%emt 0:11:13]} b5 {[%emt 0:12:30]} 16. Nxd5 {[%emt 0:45:44]} exd5 {[%emt 0:01:24]} 17. Qxd5 {[%emt 0:00:17]} Rc8 {[%emt 0:01:56]} 18. Be4 {[%emt 0:00:51]} Ndb8 {[%emt 0:02:46]} 19. Qb3 {[%emt 0:13:42]} Qd6 {[%emt 0:11:53]} 20. Rc2 {[%emt 0:13:18]} Na7 {[%emt 0:07:03]} 21. Rhc1 {[%emt 0:00:44]} Rxc2 {[%emt 0:03:54]} 22. Qxc2 {[%emt 0:00:26]} O-O {[%emt 0:02:00]} 23. Qc7 {[%emt 0:00:27]} Nc8 {[%emt 0:00:03]} 24. Bb7 {[%emt 0:00:22]} Nb6 {[%emt 0:01:09]} 25. Qxd6 {[%emt 0:00:42]} Bxd6 {[%emt 0:00:01]} 26. b3 {[%emt 0:00:33]} N6d7 {[%emt 0:04:08]} 27. g3 {[%emt 0:00:33]} f6 {[%emt 0:04:41]} 28. e4 {[%emt 0:00:17]} g5 {[%emt 0:02:11]} 29. f4 {[%emt 0:00:30]} gxf4 {[%emt 0:00:45]} 30. gxf4 {[%emt 0:00:07]} 1/2-1/2

[Event "Vezerkepzo GM March 2022"]
[Site "Budapest"]
[Date "2022.03.17"]
[Round "1.3"]
[White "Varga, Zoltan"]
[Black "Rathanvel, V S"]
[Result "1-0"]
[WhiteElo "2390"]
[BlackElo "2477"]
[Annotator "TA"]
[PlyCount "127"]
[EventDate "2022.03.17"]
[EventType "tourn"]
[EventCountry "HUN"]
[SourceTitle "playchess.com"]
[Source "ChessBase"]
[SourceQuality "1"]

{[%evp 9,127,21,24,10,13,20,21,2,3,5,11,14,18,4,31,27,54,22,15,18,16,23,68,29,27,28,87,91,87,53,54,64,103,91,94,72,234,224,244,252,429,285,277,307,287,271,267,266,263,177,185,176,168,179,185,163,161,159,157,172,159,162,166,168,167,167,182,181,172,182,182,176,175,172,174,167,167,167,195,195,195,195,203,202,202,195,406,399,397,325,243,253,425,425,635,639,835,886,765,481,29964,29967,29963,29968,29968,29969,29960,5106,11760,11760,29982,29982,29982,29983,29983,29984,29986,29984,29983,29984]} 1. d4 Nf6 2. c4 g6 3. h4 Bg7 4. Nc3 d6 5. e4 Nc6 6. d5 {E60: King's Indian: Unusual lines and Fianchetto Variation without Nc3.} Ne5 7. Be2 h5 {[#]} 8. Nh3 $146 {The position is equal.} ({Predecessor:} 8. Bf4 O-O 9. Nf3 Nxf3+ 10. gxf3 c6 11. Qd2 cxd5 12. cxd5 Kh7 13. a4 Nd7 14. a5 {0-1 (41) Fedoseev,V (2696)-Carlsen,M (2847) Krasnaya Polyana 2021}) 8... c6 9. Ng5 O-O 10. O-O Bd7 11. Bf4 Nfg4 12. Qd2 Rc8 13. Rac1 cxd5 14. Nxd5 e6 15. Ne3 Qf6 (15... f6 $11 {should be considered.} 16. Nf3 Nxf3+ 17. gxf3 e5 $1) 16. Bg3 Nxe3 17. Qxe3 a6 {[#]} (17... Qe7 $11) 18. Rfd1 $1 $16 Qe7 19. Qd2 {[%cal Oc4c5]} Rfd8 20. Qxd6 Qe8 {[%cal Od7a4] ...Ba4! is the strong threat.} 21. Qb6 {White is much more active.} ({Much weaker is} 21. Bxe5 $6 Ba4 22. Bxg7 (22. Nxf7 $2 Kxf7 23. Qb4 Bxd1 $19) 22... Rxd6 23. Rxd6 Kxg7 $11) 21... Bc6 22. b4 {Strongly threatening b5.} Ba4 {Loses the game.} (22... Nd7 $16 23. Qe3 Ba4) 23. Rxd8 $18 Rxd8 24. Qxb7 Nd3 $2 (24... Qc6 {is a better defense.} 25. Qa7 Ra8) 25. Rf1 f6 26. Nf3 Bc6 27. Qxa6 Nxb4 28. Qb6 Bf8 29. Nd4 {[%cal Od4e6] Hoping for Nxe6!} e5 30. Nxc6 Nxc6 31. c5 Rb8 32. Bc4+ Kh8 33. Qc7 Rc8 34. Qf7 Qxf7 35. Bxf7 Kg7 36. Be6 {[%cal Bf7e6,Be6d7,Bd7a4][%mdl 32]} Rc7 37. Rd1 ({Worse is} 37. Rc1 Nd4 38. Bc4 Rxc5 $15) 37... Bxc5 {[#]} 38. Rd7+ Rxd7 39. Bxd7 {[%mdl 4096] Endgame KBB-KBN} Nd4 40. Kf1 {To avoid Ne2} Kf7 41. Ba4 Ke7 42. f3 Ba3 43. Be1 f5 44. exf5 gxf5 45. f4 exf4 46. Bf2 Ne6 47. Bd1 {A strong pair of Bishops.} Nc7 $2 (47... Nc5 48. Bd4 (48. Bxh5 Ne4 $16) 48... Ne4) 48. Bxh5 Nd5 49. Be1 {Inhibits Nc3.} Ne3+ 50. Kf2 Bc5 $2 (50... Nc2 {was necessary.} 51. Bc3 Ke6) 51. Kf3 Nc2 (51... Ba3 $142 52. Bc3 Kf8) 52. Bc3 Be3 53. Bg6 Ke6 54. h5 Bd4 (54... Nd4+ $18 55. Bxd4 Bxd4 56. Kxf4 Be5+ 57. Ke3 f4+ 58. Kd3 Bg7) 55. Bxd4 Nxd4+ 56. Kxf4 {KB-KN} Kf6 57. a4 Ne6+ 58. Ke3 {a5 would kill now.} Nc5 59. a5 {[%cal Ba4a5,Ba5a6][%mdl 32]} Ke5 60. h6 {White mates.} f4+ 61. Kf3 Kf6 62. Bc2 Ne6 63. a6 Nd4+ 64. Kxf4 {Weighted Error Value: White=0.18 (very precise) /Black=0.45} 1-0

[Event "Vezerkepzo GM March 2022"]
[Site "Budapest"]
[Date "2022.03.17"]
[Round "1.4"]
[White "Akshat, Khamparia"]
[Black "Kulkarni Bhakti"]
[Result "1/2-1/2"]
[WhiteElo "2390"]
[BlackElo "2388"]
[Annotator "ChessBase"]
[PlyCount "71"]
[EventDate "2022.03.17"]
[EventType "tourn"]
[EventCountry "HUN"]
[SourceTitle "playchess.com"]
[Source "ChessBase"]
[SourceQuality "1"]
[TimeControl "40/5400+30:1800+30"]

1. d4 {[%emt 0:00:04]} Nf6 {[%emt 0:00:47]} 2. Bf4 {[%emt 0:00:43]} g6 {[%emt 0:00:45]} 3. Nc3 {[%emt 0:00:25]} d5 {[%emt 0:00:32]} 4. Nb5 {[%emt 0:02:08]} Na6 {[%emt 0:00:15]} 5. e3 {[%emt 0:00:30]} c6 {[%emt 0:00:34]} 6. Nc3 {[%emt 0:00:18]} Nc7 {[%emt 0:00:45]} 7. h3 {[%emt 0:02:05]} Bg7 {[%emt 0:00:28]} 8. Nf3 {[%emt 0:00:57]} O-O {[%emt 0:00:42]} 9. Bd3 {[%emt 0:06:00]} Nce8 {[%emt 0:04:12]} 10. O-O {[%emt 0:04:45]} Nd6 {[%emt 0:00:51]} 11. a4 {[%emt 0:05:14]} Nfe4 {[%emt 0:14:10]} 12. Nd2 {[%emt 0:07:37]} Nxc3 {[%emt 0:15:34]} 13. bxc3 {[%emt 0:00:06]} c5 {[%emt 0:00:48]} 14. dxc5 {[%emt 0:05:59]} Ne8 {[%emt 0:00:57]} 15. c4 {[%emt 0:07:44]} dxc4 {[%emt 0:10:06]} 16. Nxc4 {[%emt 0:01:09]} Bxa1 {[%emt 0:15:30]} 17. Qxa1 {[%emt 0:00:11]} Nf6 {[%emt 0:05:49]} 18. Rd1 {[%emt 0:04:10]} Qd5 {[%emt 0:01:00]} 19. Bh6 {[%emt 0:06:55]} Qxc5 {[%emt 0:08:27]} 20. Bxf8 {[%emt 0:03:03]} Kxf8 {[%emt 0:00:02]} 21. Qb2 {[%emt 0:04:13]} Rb8 {[%emt 0:02:15]} 22. Ne5 {[%emt 0:13:30]} Qb6 {[%emt 0:05:52]} 23. Qxb6 {[%emt 0:11:50]} axb6 {[%emt 0:00:01]} 24. Bb5 {[%emt 0:02:48]} Be6 {[%emt 0:01:41]} 25. g4 {[%emt 0:00:50]} Rc8 {[%emt 0:01:45]} 26. c4 {[%emt 0:03:12]} Kg7 {[%emt 0:00:11]} 27. Rd4 {[%emt 0:01:05]} h5 {[%emt 0:02:31]} 28. g5 {[%emt 0:01:27]} Ne8 {[%emt 0:01:54]} 29. Nd7 {[%emt 0:00:44]} Bxh3 {[%emt 0:01:04]} 30. Nxb6 {[%emt 0:00:03]} Rb8 {[%emt 0:00:11]} 31. Kh2 {[%emt 0:00:56]} Bf5 {[%emt 0:02:03]} 32. f3 {[%emt 0:01:34]} Nd6 {[%emt 0:00:46]} 33. e4 {[%emt 0:00:56]} Be6 {[%emt 0:00:01]} 34. c5 {[%emt 0:02:01]} Nxb5 {[%emt 0:00:33]} 35. axb5 {[%emt 0:01:05]} f6 {[%emt 0:00:20]} 36. gxf6+ {[%emt 0:00:34]} 1/2-1/2

[Event "Vezerkepzo GM March 2022"]
[Site "Budapest"]
[Date "2022.03.17"]
[Round "1.5"]
[White "Csiki, Endre"]
[Black "Seres, Lajos"]
[Result "1-0"]
[WhiteElo "2320"]
[BlackElo "2387"]
[Annotator "ChessBase"]
[PlyCount "79"]
[EventDate "2022.03.17"]
[EventType "tourn"]
[EventCountry "HUN"]
[SourceTitle "playchess.com"]
[Source "ChessBase"]
[SourceQuality "1"]
[TimeControl "40/5400+30:1800+30"]

1. e4 {[%emt 0:00:13]} c5 {[%emt 0:00:08]} 2. Nf3 {[%emt 0:00:08]} Nc6 {[%emt 0:00:05]} 3. Bb5 {[%emt 0:00:04]} g6 {[%emt 0:00:07]} 4. O-O {[%emt 0:00:05]} Bg7 {[%emt 0:00:04]} 5. c3 {[%emt 0:00:05]} Nf6 {[%emt 0:00:05]} 6. Re1 {[%emt 0:00:02]} O-O {[%emt 0:00:10]} 7. d4 {[%emt 0:00:02]} d5 {[%emt 0:00:09]} 8. e5 {[%emt 0:00:04]} Ne4 {[%emt 0:00:04]} 9. Bxc6 {[%emt 0:00:08]} bxc6 {[%emt 0:00:05]} 10. Be3 {[%emt 0:00:05]} Rb8 {[%emt 0:09:43]} 11. Qc1 {[%emt 0:00:56]} c4 {[%emt 0:09:29]} 12. Nbd2 {[%emt 0:03:41]} Nxd2 {[%emt 0:00:47]} 13. Nxd2 {[%emt 0:00:56]} Bf5 {[%emt 0:31:12]} 14. b3 {[%emt 0:00:28]} Bd3 {[%emt 0:00:50]} 15. Qa3 {[%emt 0:02:37]} Rb7 {[%emt 0:11:39]} 16. Qa4 {[%emt 0:06:38]} Qc7 {[%emt 0:11:07]} 17. bxc4 {[%emt 0:00:48]} Rfb8 {[%emt 0:00:08]} 18. Rec1 {[%emt 0:12:23]} e6 {[%emt 0:04:02]} 19. cxd5 {[%emt 0:10:03]} cxd5 {[%emt 0:00:08]} 20. Qd1 {[%emt 0:03:08]} Bf8 {[%emt 0:10:11]} 21. Qf3 {[%emt 0:03:07]} Bc4 {[%emt 0:02:52]} 22. h4 {[%emt 0:07:16]} Rb2 {[%emt 0:00:24]} 23. a4 {[%emt 0:00:11]} Ra2 {[%emt 0:04:42]} 24. Rxa2 {[%emt 0:05:03]} Bxa2 {[%emt 0:00:05]} 25. h5 {[%emt 0:02:04]} Bb3 {[%emt 0:00:42]} 26. hxg6 {[%emt 0:03:32]} hxg6 {[%emt 0:00:07]} 27. Qh3 {[%emt 0:01:21]} Bxa4 {[%emt 0:00:23]} 28. Nf3 {[%emt 0:00:25]} Bb5 {[%emt 0:02:47]} 29. Bg5 {[%emt 0:07:09]} Bg7 {[%emt 0:00:12]} 30. Qh4 {[%emt 0:02:16]} Kf8 {[%emt 0:02:14]} 31. Bf6 {[%emt 0:00:30]} Bxf6 {[%emt 0:00:23]} 32. exf6 {[%emt 0:00:19]} Ke8 {[%emt 0:00:11]} 33. Rb1 {[%emt 0:09:35]} Qd6 {[%emt 0:00:20]} 34. Ne5 {[%emt 0:00:26]} Rb7 {[%emt 0:00:10]} 35. Qh7 {[%emt 0:06:01]} a6 {[%emt 0:00:43]} 36. Nxg6 {[%emt 0:01:07]} Kd8 {[%emt 0:00:30]} 37. Qg8+ {[%emt 0:00:56]} Kc7 {[%emt 0:00:10]} 38. Qxf7+ {[%emt 0:00:13]} Kb6 {[%emt 0:00:15]} 39. Qxb7+ {[%emt 0:02:27]} Kxb7 {[%emt 0:00:06]} 40. f7 {[%emt 0:00:00]} 1-0

[Event "Vezerkepzo GM March 2022"]
[Site "Budapest"]
[Date "2022.03.18"]
[Round "2.2"]
[White "Kulkarni Bhakti"]
[Black "Csiki, Endre"]
[Result "1-0"]
[WhiteElo "2388"]
[BlackElo "2320"]
[Annotator "ChessBase"]
[PlyCount "80"]
[EventDate "2022.03.17"]
[EventType "tourn"]
[EventCountry "HUN"]
[SourceTitle "playchess.com"]
[Source "ChessBase"]
[SourceQuality "1"]
[TimeControl "40/5400+30:1800+30"]

1. d4 {[%emt 0:06:17]} d5 {[%emt 0:00:04]} 2. c4 {[%emt 0:00:13]} e6 {[%emt 0:00:04]} 3. g3 {[%emt 0:01:14]} Nf6 {[%emt 0:00:19]} 4. Bg2 {[%emt 0:00:31]} Bb4+ {[%emt 0:00:07]} 5. Bd2 {[%emt 0:00:20]} Be7 {[%emt 0:00:32]} 6. Nf3 {[%emt 0:00:41]} O-O {[%emt 0:00:05]} 7. Qc2 {[%emt 0:00:15]} Nbd7 {[%emt 0:00:15]} 8. O-O {[%emt 0:00:25]} c6 {[%emt 0:00:12]} 9. Rd1 {[%emt 0:03:52]} b6 {[%emt 0:02:58]} 10. Ne5 {[%emt 0:03:42]} Bb7 {[%emt 0:03:52]} 11. Nc3 {[%emt 0:08:42]} Nxe5 {[%emt 0:08:16]} 12. dxe5 {[%emt 0:00:06]} Ng4 {[%emt 0:03:20]} 13. cxd5 {[%emt 0:05:34]} cxd5 {[%emt 0:00:06]} 14. e4 {[%emt 0:06:31]} Bc5 {[%emt 0:02:30]} 15. Be1 {[%emt 0:00:52]} d4 {[%emt 0:11:08]} 16. Nb5 {[%emt 0:11:58]} Nxe5 {[%emt 0:27:15]} 17. b4 {[%emt 0:04:10]} a6 {[%emt 0:02:50]} 18. Na3 {[%emt 0:12:38]} d3 {[%emt 0:04:21]} 19. Qb2 {[%emt 0:15:12]} Bd4 {[%emt 0:00:37]} 20. Bc3 {[%emt 0:00:42]} Bxc3 {[%emt 0:00:21]} 21. Qxc3 {[%emt 0:00:02]} Qf6 {[%emt 0:01:22]} 22. Kh1 {[%emt 0:03:34]} Rac8 {[%emt 0:05:24]} 23. Qd4 {[%emt 0:01:56]} Ng4 {[%emt 0:01:00]} 24. Qxf6 {[%emt 0:05:28]} gxf6 {[%emt 0:00:09]} 25. Kg1 {[%emt 0:00:13]} Rc3 {[%emt 0:04:41]} 26. Nb1 {[%emt 0:00:01]} Rc2 {[%emt 0:00:11]} 27. Nd2 {[%emt 0:00:16]} Rfc8 {[%emt 0:00:20]} 28. h3 {[%emt 0:01:13]} Ne5 {[%emt 0:00:11]} 29. f4 {[%emt 0:00:19]} Nc6 {[%emt 0:00:51]} 30. a3 {[%emt 0:03:02]} Nd4 {[%emt 0:00:30]} 31. Nf1 {[%emt 0:00:47]} Ne2+ {[%emt 0:05:15]} 32. Kh1 {[%emt 0:00:20]} Nc3 {[%emt 0:03:50]} 33. Rxd3 {[%emt 0:00:08]} Nxe4 {[%emt 0:02:55]} 34. Kg1 {[%emt 0:01:48]} Rxg2+ {[%emt 0:00:14]} 35. Kxg2 {[%emt 0:00:06]} Nc5+ {[%emt 0:00:03]} 36. Rf3 {[%emt 0:00:06]} Nb3 {[%emt 0:00:10]} 37. Ra2 {[%emt 0:00:12]} Nd4 {[%emt 0:00:17]} 38. Nd2 {[%emt 0:00:06]} Nxf3 {[%emt 0:00:33]} 39. Nxf3 {[%emt 0:00:02]} Rc3 {[%emt 0:00:05]} 40. Rf2 {[%emt 0:00:00]} Rxa3 {[%emt 0:00:00]} 1-0

[Event "Vezerkepzo GM March 2022"]
[Site "Budapest"]
[Date "2022.03.18"]
[Round "2.3"]
[White "Rathanvel, V S"]
[Black "Akshat, Khamparia"]
[Result "1-0"]
[WhiteElo "2477"]
[BlackElo "2390"]
[Annotator "ChessBase"]
[PlyCount "99"]
[EventDate "2022.03.17"]
[EventType "tourn"]
[EventCountry "HUN"]
[SourceTitle "playchess.com"]
[Source "ChessBase"]
[SourceQuality "1"]
[TimeControl "40/5400+30:1800+30"]

1. e4 {[%emt 0:00:04]} c5 {[%emt 0:40:25]} 2. Nf3 {[%emt 0:00:10]} d6 {[%emt 0:00:04]} 3. d4 {[%emt 0:00:08]} cxd4 {[%emt 0:00:05]} 4. Nxd4 {[%emt 0:00:06]} Nf6 {[%emt 0:00:05]} 5. Nc3 {[%emt 0:00:07]} Nc6 {[%emt 0:00:01]} 6. Bg5 {[%emt 0:00:11]} e6 {[%emt 0:00:05]} 7. Qd3 {[%emt 0:00:06]} Bd7 {[%emt 0:00:25]} 8. Ndb5 {[%emt 0:01:15]} Nb4 {[%emt 0:02:33]} 9. Qd1 {[%emt 0:00:09]} Qb8 {[%emt 0:01:31]} 10. Bf4 {[%emt 0:01:34]} e5 {[%emt 0:00:44]} 11. Bg5 {[%emt 0:00:06]} a6 {[%emt 0:00:02]} 12. Na3 {[%emt 0:03:04]} b5 {[%emt 0:01:08]} 13. Bxf6 {[%emt 0:00:08]} gxf6 {[%emt 0:00:06]} 14. g3 {[%emt 0:01:41]} Bg7 {[%emt 0:04:21]} 15. Bg2 {[%emt 0:08:40]} O-O {[%emt 0:03:17]} 16. O-O {[%emt 0:00:29]} Ra7 {[%emt 0:08:58]} 17. Qd2 {[%emt 0:03:15]} Nc6 {[%emt 0:05:23]} 18. Nd5 {[%emt 0:00:17]} f5 {[%emt 0:02:01]} 19. exf5 {[%emt 0:05:24]} Bxf5 {[%emt 0:01:26]} 20. Ne3 {[%emt 0:01:00]} Bd7 {[%emt 0:04:02]} 21. Rad1 {[%emt 0:04:32]} f5 {[%emt 0:04:59]} 22. Qxd6 {[%emt 0:16:56]} e4 {[%emt 0:03:18]} 23. c3 {[%emt 0:08:50]} Ne5 {[%emt 0:03:10]} 24. Qxb8 {[%emt 0:01:24]} Rxb8 {[%emt 0:00:01]} 25. Bh3 {[%emt 0:09:57]} Rf8 {[%emt 0:01:37]} 26. Rd5 {[%emt 0:00:26]} Be6 {[%emt 0:02:37]} 27. Rd6 {[%emt 0:01:20]} Bc8 {[%emt 0:00:03]} 28. Rfd1 {[%emt 0:02:54]} Nd3 {[%emt 0:02:40]} 29. Rd2 {[%emt 0:00:40]} Raf7 {[%emt 0:01:17]} 30. f4 {[%emt 0:01:13]} Re8 {[%emt 0:01:24]} 31. Nac2 {[%emt 0:10:04]} Bf8 {[%emt 0:01:03]} 32. Rb6 {[%emt 0:00:14]} Nxb2 {[%emt 0:00:36]} 33. Rb8 {[%emt 0:03:00]} Bc5 {[%emt 0:00:49]} 34. Kf1 {[%emt 0:01:31]} Rff8 {[%emt 0:01:54]} 35. Rd5 {[%emt 0:01:09]} Na4 {[%emt 0:00:57]} 36. Nd4 {[%emt 0:02:02]} Ba7 {[%emt 0:02:07]} 37. Ra8 {[%emt 0:01:44]} Bxd4 {[%emt 0:00:12]} 38. Rxd4 {[%emt 0:00:06]} Nxc3 {[%emt 0:00:06]} 39. a3 {[%emt 0:01:00]} Na4 {[%emt 0:00:47]} 40. Ke1 {[%emt 0:00:00]} Nc5 {[%emt 0:00:00]} 41. Bxf5 {[%emt 0:03:49]} Bb7 {[%emt 0:04:17]} 42. Rxe8 {[%emt 0:05:29]} Rxe8 {[%emt 0:00:02]} 43. Rd6 {[%emt 0:04:23]} a5 {[%emt 0:05:28]} 44. Ng4 {[%emt 0:13:47]} Ra8 {[%emt 0:01:21]} 45. Rh6 {[%emt 0:02:29]} b4 {[%emt 0:00:31]} 46. Rxh7 {[%emt 0:06:04]} bxa3 {[%emt 0:00:37]} 47. Nf6+ {[%emt 0:00:14]} Kf8 {[%emt 0:00:04]} 48. Bg6 {[%emt 0:00:09]} Bd5 {[%emt 0:01:38]} 49. Nxd5 {[%emt 0:00:09]} a2 {[%emt 0:00:03]} 50. Rf7+ {[%emt 0:00:06]} 1-0

[Event "Vezerkepzo GM March 2022"]
[Site "Budapest"]
[Date "2022.03.18"]
[Round "2.4"]
[White "Pranav Anand"]
[Black "Varga, Zoltan"]
[Result "1-0"]
[WhiteElo "2436"]
[BlackElo "2390"]
[Annotator "TA"]
[PlyCount "37"]
[EventDate "2022.03.17"]
[EventType "tourn"]
[EventCountry "HUN"]
[SourceTitle "playchess.com"]
[Source "ChessBase"]
[SourceQuality "1"]

{[%evp 9,37,18,85,73,81,50,49,46,53,44,46,46,65,49,89,68,87,95,101,64,140,142,137,129,132,138,143,115,138,143]} 1. d4 d5 2. c4 dxc4 3. e4 b5 4. a4 c6 5. Nc3 Bd7 (5... b4 $11 6. Nce2 e6) 6. Nf3 {[%mdl 1024] White has strong compensation. D20: Queen's Gambit Accepted: 3 e3 and 3 e4.} e6 7. Be2 {[#]} b4 $146 ({Predecessor:} 7... Bb4 8. O-O Ne7 9. Bd2 O-O 10. b3 cxb3 11. Qxb3 a5 12. Rfd1 Qb6 13. Be3 Qb7 {0-1 (42) Markos,J (2454)-Zurek,M (2440) Czech Republic 2002}) 8. Nb1 {[%cal Bc3b1,Bb1d2,Bd2e4][%mdl 32] White is slightly better.} Nf6 9. e5 Nd5 10. Bxc4 Be7 11. O-O a5 12. Nbd2 O-O 13. Ne4 {Inhibits c5.} Bc8 14. Qc2 f5 ({Better is} 14... Ba6 $14) 15. exf6 $1 $16 gxf6 16. Re1 Kh8 17. Bh6 Rg8 18. Bd3 {White is more active.} Qe8 19. Ng3 {To avoid Qh5.  Weighted Error Value: White=0.10 (very precise) /Black=0.20 (precise)} 1-0